| 000 | 01635nam a2200373 i 4500 | ||
|---|---|---|---|
| 001 | 60661 | ||
| 003 | CO-BoRNBP | ||
| 005 | 20260312161342.0 | ||
| 007 | ta | ||
| 008 | 171006s2016 ag a fr 000 f spa c | ||
| 020 | _a9789871208944 | ||
| 040 |
_aCO-BoUNC _bspa _erda _cCO-BoUNC |
||
| 041 | 0 | _aspa | |
| 082 | 0 | 4 |
_a823.7 _bS431i _221 |
| 084 | _aNG MOR | ||
| 100 | 1 |
_aScott, Walter _d1771-1832 _cSir _eautor _969395 |
|
| 245 | 1 | 0 |
_aIvanhoe / _cSir Scott Walter ; adaptado por Manuel Morini ; ilustrado por Marco Baldi. |
| 250 | _a1a. edición | ||
| 264 | 1 |
_aBuenos Aires _bLatinbooks, _c2016. |
|
| 300 |
_a71 páginas : _bilustraciones ; _c26 cm. |
||
| 336 |
_atexto _btxt _2rdacontent |
||
| 337 |
_asin mediación _bn _2rdamedia |
||
| 338 |
_avolumen _bnc _2rdacarrier |
||
| 490 | 0 | _aNovela gráfica. | |
| 520 | 1 | _aAño 1194. El rey Ricardo de Inglaterra se encuentra prisionero tras participar en las Cruzadas, mientras su hermano, el príncipe Juan, conspira para ocupar el trono vacío. Al mismo tiempo, normandos y sajones descargan sus ancestrales rencores en la liza de los torneos. En medio de una época llena de conflictos, Wilfred de Ivanhoe lucharé por recuperar su honor y sus derechos, mientras su corazón se debate entre dos damas igual de nobles y bellas. | |
| 650 | 1 | 4 |
_aLibros Infantiles _2LEMB _941871 |
| 650 | 1 | 7 |
_aNovelas de aventuras _2LEMB _969396 |
| 650 | 1 | 7 |
_aNovela gráfica. _2LEMB |
| 650 | 1 | 7 |
_aLiteratura inglesa _ySiglo XIX _2LEMB _92497 |
| 650 | 1 | 7 |
_aNovela inglesa _ySiglo XIX _2LEMB _92496 |
| 700 | 1 |
_aMorini, Manuel _eadaptación |
|
| 700 | 1 |
_aBaldi, Marco _eilustraciones _969397 |
|
| 942 |
_2ddc _cBK |
||
| 999 |
_c60661 _d60661 |
||